Delicate - Taylor Swift (All Lyrics) - Statistics

General Stats
  • This quiz has been taken 598 times
  • The average score is 435 of 489
Answer Stats
Lyrics % Correct
I
98%
a
97%
My
97%
my
97%
You
97%
you
97%
you)
97%
me
96%
me?
96%
so
96%
the
96%
delicate
95%
(Delicate)
95%
delicate?
95%
delicate?)
95%
for
95%
Is
95%
it
95%
it?
95%
it)
95%
it?)
95%
like
95%
best
94%
This
94%
this
94%
been
93%
in
93%
never
93%
reputation's
93%
that
93%
that?
93%
We
93%
we,
93%
we
93%
all
92%
('Cause
92%
'Cause
92%
Isn't
92%
(Isn't
92%
your
92%
you're
92%
can
91%
make
91%
worse,
91%
But
90%
do
90%
Do
90%
do?
90%
it's
90%
to
90%
you're
90%
can't
89%
know
89%
must
89%
on
89%
said
89%
Any
88%
at?
88%
at
88%
cool
88%
head?
88%
now,
88%
promises,
88%
promises
88%
when
88%
and
87%
babe?
87%
where
87%
drink
86%
Side,
86%
ain't
85%
look
84%
of
84%
too
84%
back
83%
damn,
82%
damn
82%
soon
82%
yet?
81%
East
80%
time
80%
chill
79%
eyes
79%
could
78%
blue
77%
girls
77%
into
77%
mine
77%
things
77%
think
77%
touch
77%
Are
76%
ever
76%
hands
76%
Just
76%
Sometimes,
76%
color
75%
home
75%
Oh,
74%
pretend
74%
West
74%
dreaming
73%
sleep
73%
want
73%
with
73%
don't
72%
meet
72%
seen
72%
fun
70%
hair
69%
view
69%
wanna
69%
wonder,
69%
bar
68%
share
67%
up
67%
Dark
66%
here,
66%
(Yeah,
66%
jeans
65%
mansion
64%
night
64%
Nikes,
64%
Dive
63%
honey,
62%
footsteps
61%
Handsome,
61%
stairs
61%
Stay
60%
Come
59%
Echoes
50%
floor
50%
lights
49%
Phone
49%
Long
48%
Third
47%
black
46%
nightstand
45%
No matching quizzes found
Score Distribution
Percent of People with Each Score
Percentile by Number Answered
Your Score History
You have not taken this quiz